Kadra Manchesteru City sezon 2020/21. - Statystyki

Ogólne statystyki
  • Ten quiz został rozwiązany 152 razy
  • Średni wynik to 18 z 26
Statystyki odpowiedzi
Numer Piłkarz % Poprawnych
31 Ederson
98%
7 Sterling
95%
10 Aguero
94%
2 Walker
91%
17 De Bruyne
90%
9 Jesus
89%
20 Silva
89%
26 Mahrez
87%
47 Foden
86%
3 Dias
85%
8 Gundogan
82%
5 Stones
82%
27 Cancelo
81%
14 Laporte
79%
11 Zinchenko
76%
6 Ake
72%
25 Fernandinho
71%
16 Rodri
71%
22 Mendy
59%
13 Steffen
49%
21 Torres
46%
50 Garcia
43%
33 Carson
37%
69 Doyle
12%
34 Sandler
6%
78 Harwood-Bellis
5%
Nie znaleziono quizów pasujących do podanych kryteriów
Rozkład punktacji
Procent ludzi z każdym wynikiem
Percentyl według liczby udzielonych odpowiedzi
Twoja historia wyników
Nie rozwiązałeś tego quizu